Metod postrojenija posledovatel'nosti planov dlja rešenija zadač diskretnoj optimizacii
Na minha lista:
| Autor principal: | |
|---|---|
| Outros Autores: | |
| Formato: | Livro |
| Idioma: | russo |
| Publicado em: |
Moskva
Nauka
1981
|
| Colecção: | Ekonomiko-matematičeskaja biblioteka
|
| Tags: |
Sem tags, seja o primeiro a adicionar uma tag!
|
MARC
| LEADER | 00000nam a2200000 4500 | ||
|---|---|---|---|
| 001 | c129090 | ||
| 005 | 20041019155245.4 | ||
| 041 | 0 | |a rus | |
| 044 | |a RU | ||
| 245 | 1 | 0 | |a Metod postrojenija posledovatel'nosti planov dlja rešenija zadač diskretnoj optimizacii |c Vadimir Aleksejevič Jemeličev, Vladimir Ivanovič Komlik |
| 264 | 1 | |a Moskva |b Nauka |c 1981 | |
| 300 | |a 205 s. | ||
| 490 | 1 | |a Ekonomiko-matematičeskaja biblioteka | |
| 830 | 0 | |a Ekonomiko-matematičeskaja biblioteka | |
| 100 | 1 | |a Jemeličev, Vladimir Aleksejevič | |
| 700 | 1 | |a Komlik, Vladimir Ivanovič | |